000 01048nam a22002537a 4500
001 40038
003 BD-RjUL
005 20211209053125.0
008 160421s1988 bg ||||| |||| 00| 0 ben d
020 _c: Tk. 50.00
035 _a(BD-RjUL) 40153
040 _aBD-RjUL
_bben
_cBD-RjUL
041 _aben
082 _223
_a655.154142
_bLOA 1988
100 _aলঙ, রেভঃ জেমস
_9123307
245 1 0 _aআদিপর্বে বাংলা প্রকাশনা ও সাংবাদিকতা /
_cরেভঃ জেমস লঙ ; মুহম্মদ হাবীবুর রশিদ অনূদিত
260 _aঢাকা :
_bবাংলা একাডেমী,
_c১৯৮৮
300 _a[দশ], ১৭৬ পৃ. ;
_c২১ সেমি.
490 _aবাএ
_v২০৮৬
500 _aটীকা সংযুক্ত
700 _aরশিদ, মুহম্মদ হাবীবুর, অনূবাদক
_9123308
830 _aবাএ
_v২০৮৬
_9187982
942 _2ddc
_cBK
999 _c40038
_d40038